[Event "Europa ch Femenino 2013"]
[Site "Belgrado SER"]
[Date "2013.07.24"]
[Round "2.6"]
[White "Arabidze, Meri"]
[Black "Hoang, Thanh Trang"]
[Result "1/2-1/2"]
[WhiteElo "2320"]
[BlackElo "2467"]
[PlyCount "45"]
[EventDate "2013.07.23"]
[EventType "swiss"]
[EventRounds "11"]
[EventCountry "SER"]
[Source "lmi"]
[SourceDate "2013.07.22"]

1. d4 d5 2. c4 c6 3. Nf3 Nf6 4. Nc3 dxc4 5. a4 Bf5 6. Ne5 Nbd7 7. Nxc4 Nb6 8.
Ne3 Bg6 9. a5 Nbd5 10. Qb3 e6 11. Nexd5 Nxd5 12. Nxd5 Qxd5 13. Qxb7 Rd8 14. Bd2
Bd6 15. e3 O-O 16. Rc1 Rb8 17. Qxc6 Rxb2 18. Qxd5 exd5 19. Ba6 Ba3 20. Ra1 Bd6
21. Rc1 Ba3 22. Ra1 Bd6 23. Rc1 1/2-1/2

[Event "Europa ch Femenino 2013"]
[Site "Belgrado SER"]
[Date "2013.07.24"]
[Round "2.7"]
[White "Javakhishvili, Lela"]
[Black "Videnova, Iva"]
[Result "1/2-1/2"]
[WhiteElo "2465"]
[BlackElo "2301"]
[PlyCount "87"]
[EventDate "2013.07.23"]
[EventType "swiss"]
[EventRounds "11"]
[EventCountry "SER"]
[Source "lmi"]
[SourceDate "2013.07.22"]

1. d4 Nf6 2. c4 g6 3. Nf3 Bg7 4. g3 d5 5. cxd5 Nxd5 6. Bg2 Nb6 7. Nc3 Nc6 8. e3
O-O 9. O-O Re8 10. a3 a5 11. d5 Ne5 12. Nxe5 Bxe5 13. Qc2 Bd7 14. Rd1 Qc8 15.
e4 e6 16. f4 Bg7 17. dxe6 Bxe6 18. a4 Bg4 19. Rd3 Rd8 20. Rxd8+ Qxd8 21. h3 Be6
22. Kh2 Qe7 23. e5 c6 24. Be3 Nc4 25. Bg1 Qb4 26. Ne4 Qxb2 27. Qxb2 Nxb2 28.
Nc5 Rd8 29. Rb1 Rd2 30. Be3 Rc2 31. Bd4 Nxa4 32. Nxa4 Rc4 33. Bc5 Rxa4 34. Rxb7
h5 35. Bxc6 Ra2+ 36. Kg1 a4 37. Bd7 Bd5 38. Ra7 Rg2+ 39. Kf1 Rxg3 40. Rxa4 Bh6
41. Rd4 Bb3 42. Kf2 Rc3 43. Bb4 Rc4 44. Rxc4 1/2-1/2

[Event "Europa ch Femenino 2013"]
[Site "Belgrado SER"]
[Date "2013.07.24"]
[Round "2.8"]
[White "Sedina, Elena"]
[Black "Mkrtchian, Lilit"]
[Result "1/2-1/2"]
[WhiteElo "2313"]
[BlackElo "2454"]
[PlyCount "75"]
[EventDate "2013.07.23"]
[EventType "swiss"]
[EventRounds "11"]
[EventCountry "SER"]
[Source "lmi"]
[SourceDate "2013.07.22"]

1. e4 c5 2. Nf3 Nf6 3. e5 Nd5 4. Nc3 Nxc3 5. dxc3 Nc6 6. Bf4 Qb6 7. Bd3 Qxb2 8.
O-O Qb6 9. Ng5 g6 10. Qf3 Nd8 11. Rab1 Qc6 12. Be4 Qa6 13. e6 Nxe6 14. Nxe6
fxe6 15. Be5 Rg8 16. Bxb7 Bxb7 17. Rxb7 Qc6 18. Qxc6 dxc6 19. Rd1 Bg7 20. f4
Bxe5 21. fxe5 Rg7 22. Rc7 Rf7 23. Rxc6 Rf4 24. Rxc5 Ra4 25. Rc7 Rd8 26. Rb1
Rxa2 27. Rbb7 Rxc2 28. Rxe7+ Kf8 29. Rf7+ Kg8 30. Rg7+ Kf8 31. Rgf7+ Kg8 32.
Rg7+ Kf8 33. Rbf7+ Ke8 34. Re7+ Kf8 35. Rgf7+ Kg8 36. Rg7+ Kf8 37. Ref7+ Ke8
38. Re7+ 1/2-1/2

[Event "Europa ch Femenino 2013"]
[Site "Belgrado SER"]
[Date "2013.07.24"]
[Round "2.9"]
[White "Tarasova, Viktoriya"]
[Black "Khurtsidze, Nino"]
[Result "1/2-1/2"]
[WhiteElo "2300"]
[BlackElo "2443"]
[PlyCount "107"]
[EventDate "2013.07.23"]
[EventType "swiss"]
[EventRounds "11"]
[EventCountry "SER"]
[Source "lmi"]
[SourceDate "2013.07.22"]

1. d4 Nf6 2. c4 e6 3. Nc3 Bb4 4. Nf3 c5 5. g3 Nc6 6. Bg2 Ne4 7. Bd2 Nxd2 8.
Qxd2 cxd4 9. Nxd4 Qb6 10. e3 Ne5 11. b3 Qa5 12. Rc1 a6 13. O-O O-O 14. f4 Ng4
15. h3 Nf6 16. Qd3 Be7 17. g4 Rb8 18. a4 Qc7 19. Rfd1 b6 20. Nde2 Rd8 21. g5
Ne8 22. Ne4 Bb7 23. N2g3 Rbc8 24. Nc3 Bxg2 25. Kxg2 Ba3 26. Ra1 Bb2 27. Rab1
Bxc3 28. Qxc3 d5 29. Qe5 Qc6 30. cxd5 Rxd5 31. Qe4 f5 32. Qf3 Rxd1 33. Rxd1
Qc2+ 34. Qe2 Qxb3 35. Qxa6 Qc2+ 36. Qe2 Qxa4 37. Kg1 b5 38. Rb1 Nd6 39. Qd3 Qa7
40. Nf1 Qc5 41. Qb3 Qc4 42. Qb2 Qd3 43. Ra1 Qc3 44. Qa2 Qc4 45. Qb2 Qc5 46. Qb3
Nc4 47. Rb1 Rb8 48. Rd1 Qc6 49. Qb4 Qf3 50. Rd7 Qh5 51. Qe7 Qg6 52. Rd8+ Rxd8
53. Qxd8+ Kf7 54. Qd7+ 1/2-1/2

[Event "Europa ch Femenino 2013"]
[Site "Belgrado SER"]
[Date "2013.07.24"]
[Round "2.10"]
[White "Bodnaruk, Anastasia"]
[Black "Molchanova, Tatjana"]
[Result "1/2-1/2"]
[WhiteElo "2440"]
[BlackElo "2296"]
[PlyCount "127"]
[EventDate "2013.07.23"]
[EventType "swiss"]
[EventRounds "11"]
[EventCountry "SER"]
[Source "lmi"]
[SourceDate "2013.07.22"]

1. e4 c5 2. Nf3 Nc6 3. d4 cxd4 4. Nxd4 e5 5. Nb5 a6 6. Nd6+ Bxd6 7. Qxd6 Qe7 8.
Qd2 Nf6 9. Nc3 d6 10. b3 Be6 11. Nd5 Bxd5 12. exd5 Nb8 13. Be2 O-O 14. O-O Nbd7
15. c4 Ne4 16. Qe3 f5 17. Bb2 Rae8 18. Rae1 Nef6 19. f4 e4 20. Qd4 a5 21. a3 b6
22. b4 axb4 23. axb4 Ra8 24. Bd1 Kh8 25. h3 Rfe8 26. g4 Reb8 27. gxf5 b5 28.
Bc2 bxc4 29. Bxe4 Rxb4 30. Bc3 Rbb8 31. Bf3 Qd8 32. Qxc4 Nc5 33. Bd4 Rc8 34.
Bxc5 Rxc5 35. Qd4 Rac8 36. Re6 h6 37. Rfe1 Rc4 38. Qe3 Rc3 39. Qf2 Qc7 40. Kh1
Qc4 41. Bg2 Rc2 42. Qg3 Qd4 43. Re7 Ng8 44. R7e4 Qb2 45. Re8 Rxe8 46. Rxe8 Rc1+
47. Kh2 Qd4 48. Qe3 Qxe3 49. Rxe3 Rc8 50. Re6 Rd8 51. Kg3 Nf6 52. Bf3 Kg8 53.
Kf2 Kf8 54. Ke3 Re8 55. Kd4 Rxe6 56. fxe6 Ke7 57. Kc4 Kd8 58. Kb5 Ke7 59. Kc6
Ne8 60. Bh5 Nf6 61. Bg6 Ng8 62. Kb5 Nf6 63. Kc4 Kd8 64. Kd4 1/2-1/2

[Event "Europa ch Femenino 2013"]
[Site "Belgrado SER"]
[Date "2013.07.24"]
[Round "2.11"]
[White "Voicu-Jagodzinsky, Carmen"]
[Black "Peptan, Corina-Isabela"]
[Result "0-1"]
[WhiteElo "2296"]
[BlackElo "2439"]
[PlyCount "68"]
[EventDate "2013.07.23"]
[EventType "swiss"]
[EventRounds "11"]
[EventCountry "SER"]
[Source "lmi"]
[SourceDate "2013.07.22"]

1. e4 c5 2. Nf3 e6 3. d4 cxd4 4. Nxd4 Nc6 5. Nc3 Qc7 6. Be3 a6 7. Bd3 Nf6 8.
O-O Nxd4 9. Bxd4 Bc5 10. Bxc5 Qxc5 11. Kh1 d6 12. a4 e5 13. Qe1 O-O 14. a5 Bd7
15. f4 exf4 16. Rxf4 Qe5 17. Qf1 Rae8 18. Qf3 Be6 19. Rf1 Re7 20. Qe2 Nd7 21.
Bc4 Qxa5 22. Bxe6 fxe6 23. Qg4 Rxf4 24. Qxf4 Qe5 25. Qf2 h6 26. Qa7 Nf6 27.
Qb8+ Kh7 28. Qf8 Rc7 29. h3 b5 30. Qd8 Rc4 31. Qb6 b4 32. Qxa6 Rc5 33. Ne2 Rxc2
34. Qd3 Qxe4 0-1

[Event "Europa ch Femenino 2013"]
[Site "Belgrado SER"]
[Date "2013.07.24"]
[Round "2.12"]
[White "Ozturk, Kubra"]
[Black "Socko, Monika"]
[Result "1/2-1/2"]
[WhiteElo "2293"]
[BlackElo "2435"]
[PlyCount "148"]
[EventDate "2013.07.23"]
[EventType "swiss"]
[EventRounds "11"]
[EventCountry "SER"]
[Source "lmi"]
[SourceDate "2013.07.22"]

1. d4 Nf6 2. c4 g6 3. g3 Bg7 4. Bg2 d5 5. cxd5 Nxd5 6. e4 Nb6 7. Ne2 O-O 8.
Nbc3 a5 9. O-O Nc6 10. d5 Nb4 11. a3 Na6 12. Nf4 Bd7 13. Qe2 Nc5 14. Be3 Nba4
15. Bxc5 Nxc5 16. e5 Bc8 17. b4 axb4 18. axb4 Rxa1 19. Rxa1 Nd7 20. Nd3 Nb6 21.
Rd1 e6 22. Nc5 exd5 23. Nxd5 Nxd5 24. Bxd5 Qe7 25. e6 Kh8 26. Bxb7 Bxe6 27. Bd5
Rd8 28. Bxe6 Rxd1+ 29. Qxd1 fxe6 30. Qg4 Bc3 31. Qc4 Be5 32. Nxe6 Qd6 33. Ng5
Qe7 34. h4 Kg7 35. Kg2 h6 36. Ne6+ Kh7 37. Qd5 Bd6 38. b5 Ba3 39. h5 gxh5 40.
Qf5+ Kh8 41. Nf4 Qe8 42. Nxh5 Bf8 43. Qh7+ Kxh7 44. Nf6+ Kg6 45. Nxe8 Kf7 46.
Nxc7 Ke7 47. Kf3 Kd6 48. Na6 Kd5 49. Nc7+ Kd6 50. Na6 Kd5 51. Kf4 Kc4 52. Kf5
Kxb5 53. Nc7+ Kc4 54. Ne6 Bb4 55. g4 Kd3 56. Nf4+ Kd4 57. Ne2+ Kd3 58. Ng3 Bd2
59. Ke5 Bc1 60. Kf5 Bd2 61. f4 Bc1 62. Nh5 Ke3 63. g5 hxg5 64. fxg5 Kf3 65. g6
Bh6 66. Kf6 Kg4 67. Ng7 Bc1 68. Kf7 Bb2 69. Ne8 Kg5 70. Nd6 Ba1 71. Ne4+ Kf5
72. Nd6+ Kg5 73. Ne4+ Kf5 74. Nd6+ Ke5 1/2-1/2

[Event "Europa ch Femenino 2013"]
[Site "Belgrado SER"]
[Date "2013.07.24"]
[Round "2.1"]
[White "Zakurdjaeva, Irina"]
[Black "Melia, Salome"]
[Result "0-1"]
[WhiteElo "2291"]
[BlackElo "2428"]
[PlyCount "74"]
[EventDate "2013.07.23"]
[EventType "swiss"]
[EventRounds "11"]
[EventCountry "SER"]
[Source "lmi"]
[SourceDate "2013.07.22"]

1. e4 c5 2. Nf3 Nc6 3. d4 cxd4 4. Nxd4 Nf6 5. Nc3 e5 6. Ndb5 d6 7. Bg5 a6 8.
Na3 b5 9. Nd5 Be7 10. Bxf6 Bxf6 11. c4 b4 12. Nc2 a5 13. g3 Bg5 14. Bg2 Be6 15.
O-O O-O 16. Qd3 Bxd5 17. exd5 Nb8 18. a3 Na6 19. axb4 Nxb4 20. Nxb4 axb4 21.
Rxa8 Qxa8 22. Qf5 Qd8 23. Ra1 g6 24. Qc2 Qb6 25. Qa4 Rc8 26. h4 Bf6 27. Bh3 Rd8
28. Qc6 Qd4 29. Qc7 e4 30. Ra7 Rf8 31. Be6 e3 32. Bxf7+ Kh8 33. Bxg6 exf2+ 34.
Kh2 Qxh4+ 35. Kg2 f1=Q+ 36. Kxf1 Bd4+ 37. Bf7 Qf6+ 0-1

[Event "Europa ch Femenino 2013"]
[Site "Belgrado SER"]
[Date "2013.07.24"]
[Round "2.2"]
[White "Guramishvili, Sopiko"]
[Black "Ivakhinova, Inna"]
[Result "1-0"]
[WhiteElo "2421"]
[BlackElo "2291"]
[PlyCount "121"]
[EventDate "2013.07.23"]
[EventType "swiss"]
[EventRounds "11"]
[EventCountry "SER"]
[Source "lmi"]
[SourceDate "2013.07.22"]

1. d4 d5 2. c4 c6 3. Nf3 Nf6 4. Nc3 e6 5. Qb3 Nbd7 6. Bg5 Qa5 7. Bd2 Qb6 8. e3
Ne4 9. Nxe4 dxe4 10. Ng5 Qxb3 11. axb3 Nf6 12. g3 h6 13. Nh3 Bd6 14. Bc3 Ke7
15. Bg2 Re8 16. O-O Kf8 17. Ra5 Bc7 18. Ra2 e5 19. b4 Bd7 20. Rd1 a6 21. b3 Bg4
22. Rc1 Rad8 23. Kf1 Rd7 24. Ng1 exd4 25. exd4 h5 26. Re1 Bb6 27. Rd2 Bf5 28.
h3 Red8 29. Ne2 Nh7 30. Nf4 Bxd4 31. Bxd4 Rxd4 32. Rxd4 Rxd4 33. Nxh5 Ng5 34.
g4 Bh7 35. Re3 Nf3 36. Bxf3 exf3 37. Rxf3 Rd3 38. Rxd3 Bxd3+ 39. Ke1 Bc2 40.
Kd2 Bxb3 41. c5 g5 42. f4 gxf4 43. Nxf4 Ke7 44. g5 Ba2 45. h4 Bb1 46. Kc3 Kd7
47. h5 Bh7 48. Kd4 Kc7 49. h6 b6 50. Nh5 a5 51. cxb6+ Kxb6 52. bxa5+ Kb5 53.
Nf6 c5+ 54. Kc3 Bf5 55. h7 Bxh7 56. Nxh7 Kxa5 57. Kc4 Kb6 58. Kd5 Kb5 59. Nf6
c4 60. Ne4 Kb4 61. Ke5 1-0

[Event "Europa ch Femenino 2013"]
[Site "Belgrado SER"]
[Date "2013.07.24"]
[Round "2.3"]
[White "Franciskovic, Borka"]
[Black "Matnadze, Ana"]
[Result "0-1"]
[WhiteElo "2277"]
[BlackElo "2412"]
[PlyCount "100"]
[EventDate "2013.07.23"]
[EventType "swiss"]
[EventRounds "11"]
[EventCountry "SER"]
[Source "lmi"]
[SourceDate "2013.07.22"]

1. c4 Nf6 2. Nc3 e6 3. e4 d5 4. e5 d4 5. exf6 dxc3 6. bxc3 Qxf6 7. Nf3 c5 8. d4
h6 9. Bd3 Bd6 10. O-O O-O 11. Be3 Nc6 12. Nd2 cxd4 13. cxd4 Rd8 14. Ne4 Qe7 15.
Qb3 Bc7 16. d5 exd5 17. cxd5 Qe5 18. d6 Bxd6 19. Nxd6 Qxd6 20. Rad1 Qf6 21. Be4
Re8 22. Bd5 Bg4 23. Qxb7 Bxd1 24. Qxc6 Be2 25. Re1 Rad8 26. Qxf6 gxf6 27. Bb3
Bg4 28. h3 Be6 29. Bxa7 Bxb3 30. Rxe8+ Rxe8 31. axb3 Re1+ 32. Kh2 Rb1 33. Bd4
Kg7 34. g3 Kg6 35. Kg2 Rxb3 36. Be3 h5 37. h4 Kf5 38. Bd4 Rd3 39. Bc5 Ke4 40.
Be7 f5 41. Bg5 Rf3 42. Bh6 f4 43. Bg5 fxg3 44. fxg3 Ra3 45. Bf4 Ra2+ 46. Kh3
Kf3 47. Bd6 Ra1 48. Kh2 Kg4 49. Kg2 Ra2+ 50. Kf1 Kf3 0-1

[Event "Europa ch Femenino 2013"]
[Site "Belgrado SER"]
[Date "2013.07.24"]
[Round "2.5"]
[White "Bulmaga, Irina"]
[Black "Schut, Lisa"]
[Result "1-0"]
[WhiteElo "2403"]
[BlackElo "2277"]
[PlyCount "71"]
[EventDate "2013.07.23"]
[EventType "swiss"]
[EventRounds "11"]
[EventCountry "SER"]
[Source "lmi"]
[SourceDate "2013.07.22"]

1. e4 c5 2. Nf3 d6 3. d4 cxd4 4. Nxd4 Nf6 5. Nc3 a6 6. Be3 Ng4 7. Bc1 Nf6 8. f3
e5 9. Nb3 Be6 10. Be3 Be7 11. Qd2 O-O 12. O-O-O Nbd7 13. g4 b5 14. g5 b4 15.
Ne2 Ne8 16. f4 a5 17. f5 Bxb3 18. cxb3 a4 19. bxa4 Rxa4 20. Kb1 Rxa2 21. Nc1
Ra8 22. Nb3 Qb8 23. Bc4 Nb6 24. Bxb6 Qxb6 25. f6 gxf6 26. g6 Kh8 27. Rhg1 fxg6
28. Rxg6 d5 29. Bxd5 Nd6 30. Qh6 Rg8 31. Bxg8 Rxg8 32. Rxf6 Rd8 33. Rg6 Bf8 34.
Qh5 Qb7 35. Qxe5+ Bg7 36. Rgxd6 1-0

[Event "Europa ch Femenino 2013"]
[Site "Belgrado SER"]
[Date "2013.07.24"]
[Round "2.6"]
[White "Goryachkina, Aleksandra"]
[Black "Mamedjarova, Zeinab"]
[Result "1-0"]
[WhiteElo "2401"]
[BlackElo "2256"]
[PlyCount "189"]
[EventDate "2013.07.23"]
[EventType "swiss"]
[EventRounds "11"]
[EventCountry "SER"]
[Source "lmi"]
[SourceDate "2013.07.22"]

1. d4 Nf6 2. c4 c5 3. d5 e6 4. Nc3 exd5 5. cxd5 d6 6. Nf3 g6 7. g3 Bg7 8. Bg2
O-O 9. O-O Re8 10. Bf4 Nh5 11. Bg5 f6 12. Bd2 Bh8 13. h3 Nd7 14. Qc2 Rb8 15. a4
a6 16. Rab1 Ng7 17. b4 Nf5 18. e3 Bg7 19. Ne2 cxb4 20. Bxb4 Ne5 21. Nd2 a5 22.
Ba3 b6 23. Nf4 Ba6 24. Rfc1 Qd7 25. Bf1 Bxf1 26. Rxf1 Kh8 27. Qb3 Bh6 28. Kh2
Ng7 29. Nc4 Nf7 30. Qb5 Qe7 31. Rfd1 Rbc8 32. Nxb6 Rc2 33. Rb2 Rxb2 34. Bxb2
Rb8 35. Bd4 Ng5 36. Ne6 N7xe6 37. dxe6 Qxe6 38. Qd7 Nf3+ 39. Kg2 Qe4 40. Bxf6+
Kg8 41. Qg4 Ne1+ 42. Kf1 Qxg4 43. hxg4 Rxb6 44. Kxe1 Rb4 45. Rd4 Rb1+ 46. Ke2
Ra1 47. Kf3 Ra2 48. g5 Bf8 49. Bd8 Bg7 50. Bf6 Bf8 51. Rh4 Bg7 52. Bxg7 Kxg7
53. Rd4 Kf7 54. Rxd6 Rxa4 55. Ra6 Ra2 56. e4 a4 57. Ke3 a3 58. f3 Ra1 59. Kf4
a2 60. g4 Kg7 61. Ra7+ Kg8 62. Ke5 Rf1 63. Rxa2 Rxf3 64. Ra6 Rg3 65. Kf4 Rb3
66. Ra7 Rb5 67. Rd7 Ra5 68. Rd5 Ra1 69. Ke5 Rg1 70. Kf6 Rf1+ 71. Ke7 Rf4 72. e5
Rxg4 73. e6 Kg7 74. Kd7 Re4 75. Rd6 Kf8 76. Rd1 Re2 77. Rf1+ Kg7 78. Rd1 Kf8
79. Rd4 Re1 80. Rf4+ Kg7 81. Rd4 Kf8 82. Rd5 Re2 83. Kd6 Re1 84. Rd4 Re2 85.
Rf4+ Kg7 86. Ra4 Rd2+ 87. Ke5 Re2+ 88. Kd5 Rg2 89. Ra7+ Kf8 90. Rxh7 Kg8 91.
Ra7 Rxg5+ 92. Kd6 Rg1 93. Ra8+ Kg7 94. e7 Rd1+ 95. Kc5 1-0

[Event "Europa ch Femenino 2013"]
[Site "Belgrado SER"]
[Date "2013.07.24"]
[Round "2.7"]
[White "Papp, Petra"]
[Black "Milliet, Sophie"]
[Result "1/2-1/2"]
[WhiteElo "2276"]
[BlackElo "2396"]
[PlyCount "76"]
[EventDate "2013.07.23"]
[EventType "swiss"]
[EventRounds "11"]
[EventCountry "SER"]
[Source "lmi"]
[SourceDate "2013.07.22"]

1. e4 e5 2. Nf3 Nc6 3. Bb5 a6 4. Ba4 Nf6 5. O-O Be7 6. d3 b5 7. Bb3 O-O 8. a4
b4 9. Nbd2 d6 10. Nc4 Be6 11. h3 h6 12. Re1 Rb8 13. Be3 a5 14. Qe2 Re8 15. Rad1
Nd7 16. d4 exd4 17. Nxd4 Nxd4 18. Bxd4 Ra8 19. Qf3 Qc8 20. Qg3 Bf6 21. Bxf6
Nxf6 22. e5 dxe5 23. Rxe5 Ra6 24. Nxa5 Bxb3 25. cxb3 Rae6 26. Rxe6 Qxe6 27.
Qxc7 Qe2 28. Rd8 Rxd8 29. Qxd8+ Kh7 30. Qd4 Ne4 31. Qe3 Qd1+ 32. Kh2 Nd2 33.
Qf4 Nf1+ 34. Kg1 Ng3+ 35. Kh2 Nf1+ 36. Kg1 Ng3+ 37. Kh2 Nf1+ 38. Kg1 Ng3+
1/2-1/2

[Event "Europa ch Femenino 2013"]
[Site "Belgrado SER"]
[Date "2013.07.24"]
[Round "2.8"]
[White "Gaponenko, Inna"]
[Black "Olsarova, Karolina"]
[Result "1-0"]
[WhiteElo "2393"]
[BlackElo "2246"]
[PlyCount "95"]
[EventDate "2013.07.23"]
[EventType "swiss"]
[EventRounds "11"]
[EventCountry "SER"]
[Source "lmi"]
[SourceDate "2013.07.22"]

1. e4 e5 2. Nf3 Nc6 3. Bb5 Nf6 4. O-O Nxe4 5. d4 Nd6 6. Bxc6 dxc6 7. dxe5 Nf5
8. Qxd8+ Kxd8 9. Rd1+ Ke8 10. Nc3 h6 11. h3 Be6 12. Ne2 g5 13. b3 Rd8 14. Bb2
Bg7 15. g4 Ne7 16. Ng3 c5 17. Nh5 Rg8 18. Nd2 Nc6 19. Ne4 Ke7 20. Nxg7 Rxg7 21.
Nxc5 b6 22. Ne4 Bd5 23. Nf6 Bf3 24. Re1 Nd4 25. Bxd4 Rxd4 26. Re3 Bb7 27. Rd3
c5 28. Rxd4 cxd4 29. Rd1 Ke6 30. Nh5 Rg8 31. Rxd4 Rc8 32. c4 Rc7 33. f4 gxf4
34. Rxf4 Kxe5 35. Kf2 Be4 36. Ke3 Bb1 37. Rd4 f6 38. Nf4 f5 39. Rd5+ Kf6 40.
Rd6+ Kf7 41. Nd5 Rc5 42. Rd7+ Kg6 43. Rxa7 Kg5 44. Nc3 Bc2 45. Kd2 Be4 46.
Nxe4+ fxe4 47. Ke3 Re5 48. Ra6 1-0

[Event "Europa ch Femenino 2013"]
[Site "Belgrado SER"]
[Date "2013.07.24"]
[Round "2.10"]
[White "Umudova, Nargiz"]
[Black "Ovod, Evgenija"]
[Result "1/2-1/2"]
[WhiteElo "2253"]
[BlackElo "2386"]
[PlyCount "114"]
[EventDate "2013.07.23"]
[EventType "swiss"]
[EventRounds "11"]
[EventCountry "SER"]
[Source "lmi"]
[SourceDate "2013.07.22"]

1. e4 e5 2. Nf3 Nc6 3. Bb5 Nf6 4. d3 Bc5 5. c3 O-O 6. O-O d6 7. h3 Bb6 8. Re1
Ne7 9. Nbd2 c6 10. Ba4 Ng6 11. Nf1 Nh5 12. Bg5 f6 13. Be3 Nhf4 14. Ng3 Be6 15.
Bb3 d5 16. Ne2 Bxe3 17. fxe3 Nxe2+ 18. Qxe2 Qb6 19. d4 Rae8 20. exd5 Bxd5 21.
Bxd5+ cxd5 22. Qc2 e4 23. Nd2 f5 24. g3 h5 25. h4 Ne7 26. Re2 g5 27. Rg2 Qh6
28. Qd1 Ng6 29. Qe2 Re7 30. hxg5 Qxg5 31. Kf2 Rg7 32. Rag1 h4 33. Qf1 Qh6 34.
Qb5 hxg3+ 35. Rxg3 f4 36. exf4 Qxf4+ 37. Ke1 Qd6 38. Rg5 Rd8 39. c4 e3 40. Nf3
dxc4 41. Qxc4+ Kf8 42. Qc5 Ke8 43. Qxd6 Rxd6 44. Ne5 Nxe5 45. Rxe5+ Re7 46.
Rxe7+ Kxe7 47. Ke2 Rxd4 48. Rg7+ Kd6 49. Rxb7 Ra4 50. a3 Kc6 51. Rb3 Rh4 52.
Rc3+ Kb5 53. Kxe3 a5 54. Kd3 Rh3+ 55. Kc2 Rh2+ 56. Kb3 a4+ 57. Ka2 Rh1 1/2-1/2

[Event "Europa ch Femenino 2013"]
[Site "Belgrado SER"]
[Date "2013.07.24"]
[Round "2.11"]
[White "Shadrina, Tatiana"]
[Black "Dolzhikova, Olga"]
[Result "0-1"]
[WhiteElo "2377"]
[BlackElo "2244"]
[PlyCount "79"]
[EventDate "2013.07.23"]
[EventType "swiss"]
[EventRounds "11"]
[EventCountry "SER"]
[Source "lmi"]
[SourceDate "2013.07.22"]

1. e4 e5 2. Nf3 Nf6 3. Nxe5 d6 4. Nf3 Nxe4 5. d4 d5 6. Bd3 Bd6 7. O-O O-O 8. c4
c6 9. Nc3 Nxc3 10. bxc3 Bg4 11. Rb1 dxc4 12. Bxc4 b5 13. Bd3 Nd7 14. h3 Bh5 15.
Be4 Rc8 16. Qc2 Bg6 17. Bxg6 hxg6 18. Re1 Re8 19. Bg5 Qc7 20. a4 Rxe1+ 21. Rxe1
Nb6 22. Bc1 Qd7 23. Ng5 Re8 24. Rxe8+ Qxe8 25. Ne4 Bf8 26. axb5 cxb5 27. Bf4
Qc6 28. Ng5 Qd5 29. Qe2 a5 30. Qe8 Qd7 31. Qb8 Nd5 32. Bd2 a4 33. Ne4 Qc6 34.
Nc5 Nb6 35. Bg5 f6 36. Bc1 Nc4 37. Nd3 Qe4 38. Qxb5 Qxd3 39. Qxa4 Qxc3 40. Qd1
0-1

[Event "Europa ch Femenino 2013"]
[Site "Belgrado SER"]
[Date "2013.07.24"]
[Round "2.12"]
[White "Bronnikova, Elizaveta"]
[Black "Vojinovic, Jovana"]
[Result "0-1"]
[WhiteElo "2245"]
[BlackElo "2376"]
[PlyCount "80"]
[EventDate "2013.07.23"]
[EventType "swiss"]
[EventRounds "11"]
[EventCountry "SER"]
[Source "lmi"]
[SourceDate "2013.07.22"]

1. e4 e6 2. d4 d5 3. Nd2 Be7 4. Bd3 c5 5. dxc5 Nf6 6. Qe2 a5 7. Ngf3 Na6 8. e5
Nd7 9. c4 Ndxc5 10. Bb1 b6 11. O-O Bb7 12. b3 O-O 13. Bb2 Qd7 14. a3 Rfd8 15.
Bc2 Nc7 16. Rac1 dxc4 17. Nxc4 Nd5 18. Rfd1 Qc7 19. Rd4 g6 20. h4 Bf8 21. Nd6
Ba6 22. Qd2 Qe7 23. h5 Nd7 24. hxg6 hxg6 25. Rg4 Bg7 26. Ng5 f5 27. Rh4 Nxe5
28. Rh7 Qxd6 29. Rxg7+ Kxg7 30. Re1 Nf6 31. Qf4 Neg4 32. Nxe6+ Kg8 33. Be5 Qxe6
34. f3 Nxe5 35. Rxe5 Qf7 36. Bxf5 Rd1+ 37. Kh2 Qh7+ 38. Bh3 Rf8 39. Re6 Bc8 40.
Rxf6 Rxf6 0-1

[Event "Europa ch Femenino 2013"]
[Site "Belgrado SER"]
[Date "2013.07.24"]
[Round "2.31"]
[White "Stjazhkina, Olga"]
[Black "Kovanova, Baira"]
[Result "0-1"]
[WhiteElo "2243"]
[BlackElo "2371"]
[PlyCount "86"]
[EventDate "2013.07.23"]
[EventType "swiss"]
[EventRounds "11"]
[EventCountry "SER"]
[Source "lmi"]
[SourceDate "2013.07.22"]

1. e4 e5 2. d4 exd4 3. Qxd4 Nc6 4. Qe3 g6 5. Bd2 Bg7 6. Nc3 Nf6 7. O-O-O O-O 8.
Qg5 Re8 9. f3 h6 10. Qh4 d6 11. Nh3 Be6 12. Nf4 Bd7 13. Nfd5 g5 14. Qg3 a5 15.
h4 g4 16. Nxf6+ Qxf6 17. fxg4 Nb4 18. g5 Nxa2+ 19. Kb1 Nxc3+ 20. Bxc3 Qg6 21.
Bc4 Be6 22. Bxe6 Rxe6 23. Rd5 h5 24. Bxg7 Qxg7 25. Qf3 a4 26. Rf5 a3 27. Rf6
axb2 28. Kxb2 d5 29. Rf1 dxe4 30. Qxh5 e3 31. c3 e2 32. Re1 Qf8 33. Rxe6 Qa3+
34. Kc2 Qa2+ 35. Kc1 Qxe6 36. Rxe2 Ra1+ 37. Kd2 Qd5+ 38. Ke3 Qe5+ 39. Kd3 Qd5+
40. Ke3 Qe5+ 41. Kd3 Qd6+ 42. Ke3 Rc1 43. Rd2 Qe5+ 0-1

[Event "Europa ch Femenino 2013"]
[Site "Belgrado SER"]
[Date "2013.07.24"]
[Round "2.32"]
[White "Romanko, Marina"]
[Black "Styazhkina, Anna"]
[Result "1-0"]
[WhiteElo "2368"]
[BlackElo "2242"]
[PlyCount "61"]
[EventDate "2013.07.23"]
[EventType "swiss"]
[EventRounds "11"]
[EventCountry "SER"]
[Source "lmi"]
[SourceDate "2013.07.22"]

1. d4 d5 2. c4 c6 3. Nc3 Nf6 4. e3 e6 5. Nf3 Nbd7 6. Bd3 dxc4 7. Bxc4 b5 8. Bd3
a6 9. e4 c5 10. e5 cxd4 11. Nxb5 axb5 12. exf6 gxf6 13. O-O Qb6 14. Qe2 Bb7 15.
Bxb5 Rg8 16. Bf4 Bd6 17. Bg3 f5 18. Rfd1 f4 19. Bh4 Ra5 20. a4 Rxb5 21. axb5
Ne5 22. Ne1 Bxg2 23. Nxg2 f3 24. Qc2 Rxg2+ 25. Kh1 Bc7 26. Ra6 Qb7 27. b6 Ng4
28. Qxc7 Rxh2+ 29. Qxh2 Nxh2 30. Rda1 Qe4 31. b7 1-0

[Event "Europa ch Femenino 2013"]
[Site "Belgrado SER"]
[Date "2013.07.24"]
[Round "2.33"]
[White "Sandu, Mihaela"]
[Black "Savina, Anastasia"]
[Result "0-1"]
[WhiteElo "2237"]
[BlackElo "2368"]
[PlyCount "118"]
[EventDate "2013.07.23"]
[EventType "swiss"]
[EventRounds "11"]
[EventCountry "SER"]
[Source "lmi"]
[SourceDate "2013.07.22"]

1. e4 c5 2. Nf3 Nc6 3. d4 cxd4 4. Nxd4 Nf6 5. Nc3 e6 6. Ndb5 Bc5 7. Bf4 O-O 8.
Bc7 Qe7 9. Bd6 Bxd6 10. Qxd6 Qd8 11. O-O-O Qb6 12. Qg3 Qc5 13. Nd6 Ne8 14. Nxe8
Rxe8 15. Nb5 Rf8 16. Bd3 b6 17. Nd6 a5 18. a3 b5 19. Bxb5 Nd4 20. Qc3 Qxc3 21.
bxc3 Nxb5 22. Nxb5 Bb7 23. Nd6 Rfb8 24. f3 Ra6 25. e5 f6 26. f4 fxe5 27. fxe5
Bxg2 28. Rhg1 Bf3 29. Rd3 Bh5 30. a4 Bg6 31. Rd4 Rf8 32. Rd2 Rc6 33. Nb5 Rc4
34. Rxd7 Rxa4 35. Kb2 Rb8 36. Kb3 Rh4 37. c4 Rxh2 38. c3 Bc2+ 39. Ka3 g6 40.
Ra7 Bd3 41. Rc7 Bxc4 42. Rxc4 Rxb5 43. Rc7 Rf2 44. Re1 Rf7 45. Rc6 Rf5 46. Rxe6
Kf7 47. Ra6 Rbxe5 48. Ra7+ Kf6 49. Ra6+ Kg5 50. Rh1 Re7 51. Ka4 Re4+ 52. Kb3 h5
53. Rc1 Rb5+ 54. Ka3 Rc5 55. Kb3 Rg4 56. c4 h4 57. Rd6 Rg3+ 58. Ka4 h3 59. Rd4
Rg4 0-1

[Event "Europa ch Femenino 2013"]
[Site "Belgrado SER"]
[Date "2013.07.24"]
[Round "2.35"]
[White "Martynkova, Olena"]
[Black "Daulyte, Deimante"]
[Result "0-1"]
[WhiteElo "1851"]
[BlackElo "2363"]
[PlyCount "66"]
[EventDate "2013.07.23"]
[EventType "swiss"]
[EventRounds "11"]
[EventCountry "SER"]
[Source "lmi"]
[SourceDate "2013.07.22"]

1. d4 Nf6 2. c4 g6 3. g3 Bg7 4. Bg2 O-O 5. Nf3 d5 6. cxd5 Nxd5 7. O-O Nc6 8. e4
Nb6 9. d5 Na5 10. Nc3 c6 11. Re1 Re8 12. Nd4 e6 13. Nb3 Nxb3 14. axb3 exd5 15.
exd5 Rxe1+ 16. Qxe1 cxd5 17. Bf4 Be6 18. Nb5 Bf5 19. Nd6 Bc2 20. Nxb7 Qf6 21.
Nd6 Bf8 22. Nb5 Bxb3 23. Be5 Qe7 24. Nc7 Rc8 25. Qe3 d4 26. Qxb3 Qxe5 27. Rxa7
Rxc7 28. Qxb6 Rc1+ 29. Bf1 Qe2 30. Kg2 Qxf1+ 31. Kf3 Qh1+ 32. Kg4 Qxh2 33. Qb3
Qh5+ 0-1